000 nam a22 a 4500
999 _c4448
_d4448
005 20170530101734.0
008 170530s1982 my ||||| |||| 00| 0 may d
040 _aAKMAL
082 _a352.44595 ABD
090 _a352.44595
_bABD
100 0 0 _aAbd. Halim Bin Hassan
_98623
245 1 0 _aSuatu Analisa Tentang Perlesenan Cukai Jualan Dengan Menumpukan Perhatian Kepada Cawangan Cukai Jualan, Kuala Lumpur. /
_cAbd. Halim Bin Hassan
260 _aKuala Lumpur:
_bUniversity Malaya,
_c1982
300 _avi, 106 mukasurat :
_c30 cm
650 1 0 _aCustoms Administration
_vThesis
_xLaw and legislation
_98624
942 _2ddc
_cBOOK
950 _lAKMAL